00911ntm a22002177a 450000500170000000800410001704000280005808200170008610000350010324501090013826000100024730000400025750001820029759000170047965000390049665300230053565500090055894200080056799900170057595201010059220170808132320.0170802s2013 xx a frb 000 0 eng d aEG-ScBUEbengcEG-ScBUE04222a624bSED1 aSedhom, Andrew Ashraf Mohareb.10aFurther investigation of be based lateral analysis of tall buildings /cby Andrew Ashraf Mohareb Sedhom. c2013. aix, 91 p. : bill. (col.) ;c28 cm. aA Dissertation Submitted to the Faculty of Engineering. The British University in Egypt, in Partial Fulfillment of the Requirements for the Bachelor Degree in Civil Engineering. abasant mousa 72BUEshaCivil EngineeringvProjects bENGCIVcAugust2017 vSPRO 2ddc c25236d25208 00102ddc4070aMAINbMAINc2NDd2017-08-08l0o624 SEDp000046643r2025-07-15 00:00:00yPROJST